00800nam a2200181Ia 4500082001200000100001400012245020000026260003100226300003100257650004000288650004700328650003300375650004000408650004500448650004500493650006300538710001700601 aTH.0043 aHira Devi 0aConstruction and standardization of achievement tests in general science for standards V, VI and VII for children studying through Sindhi as the medium of instruction in greater Bombay (in Hindi) c1973bUniversity of Bombay a2v. 421p, 166p. + C D - 39 aEXAMINATIONS - MAHARASHTRA - BOMBAY aEDUCATION AND STATE - MAHARASHTRA - BOMBAY aSCIENCE - STUDY AND TEACHING aHIGH SCHOOLS - MAHARASHTRA - BOMBAY aSINDHI LANGUAGE AS MEDIUM OF INSTRUCTION aACHIEVEMENT TESTS - MAHARASHTRA - BOMBAY aEDUCATIONAL TESTS AND MEASUREMENTS - MAHARASHTRA - BOMBAY  aShukla, N.N.